[Event "56th Rubinstein Memorial A 2020"]
[Site "Polanica Zdroj"]
[Date "2020.08.15"]
[Round "1.1"]
[White "Betkowski, Andrzej"]
[Black "Ovsejevitsch, Sergei"]
[Result "0-1"]
[WhiteElo "2044"]
[BlackElo "2587"]
[Annotator "ChessBase"]
[PlyCount "64"]
[EventDate "2020.08.15"]
[EventType "swiss"]
[EventCountry "POL"]
[SourceTitle "playchess.com"]
[Source "ChessBase"]
[SourceQuality "1"]
[TimeControl "40/5400+30:1800+30"]

1. d4 {[%emt 0:00:00]} Nf6 {[%emt 0:00:00]} 2. Bg5 {[%emt 0:00:00]} d5 {[%emt 0:00:07]} 3. e3 {[%emt 0:00:18]} c5 {[%emt 0:00:43]} 4. Nd2 {[%emt 0:00:35]} cxd4 {[%emt 0:02:52]} 5. exd4 {[%emt 0:00:21]} Qb6 {[%emt 0:00:20]} 6. Nb3 {[%emt 0:08:01]} Ne4 {[%emt 0:03:45]} 7. Bf4 {[%emt 0:06:52]} Nc6 {[%emt 0:02:11]} 8. Nf3 {[%emt 0:06:45]} g6 {[%emt 0:17:17]} 9. Be2 {[%emt 0:12:21]} Bg7 {[%emt 0:00:34]} 10. O-O {[%emt 0:04:04]} O-O {[%emt 0:00:11]} 11. c3 {[%emt 0:02:22]} Bf5 {[%emt 0:02:41]} 12. Nfd2 {[%emt 0:06:42]} Rad8 {[%emt 0:04:06]} 13. Nxe4 {[%emt 0:04:58]} dxe4 {[%emt 0:01:09]} 14. Qc1 {[%emt 0:03:58]} e5 {[%emt 0:02:30]} 15. dxe5 {[%emt 0:00:50]} Nxe5 {[%emt 0:00:21]} 16. Be3 {[%emt 0:03:01]} Qc7 {[%emt 0:02:16]} 17. Nd4 {[%emt 0:01:57]} Bg4 {[%emt 0:01:36]} 18. f3 {[%emt 0:08:27]} exf3 {[%emt 0:01:34]} 19. Nxf3 {[%emt 0:05:35]} Rfe8 {[%emt 0:04:44]} 20. Bb5 {[%emt 0:05:17]} Nxf3+ {[%emt 0:12:51]} 21. gxf3 {[%emt 0:00:18]} Bd7 {[%emt 0:01:21]} 22. Bxd7 {[%emt 0:03:06]} Rxd7 {[%emt 0:00:43]} 23. Kg2 {[%emt 0:05:50]} Rd3 {[%emt 0:02:46]} 24. Bf4 {[%emt 0:01:42]} Re2+ {[%emt 0:05:49]} 25. Rf2 {[%emt 0:04:22]} Qc6 {[%emt 0:01:48]} 26. Rxe2 {[%emt 0:01:25]} Qxf3+ {[%emt 0:00:07]} 27. Kg1 {[%emt 0:00:09]} Qxe2 {[%emt 0:00:07]} 28. Qe1 {[%emt 0:01:46]} Qg4+ {[%emt 0:03:02]} 29. Bg3 {[%emt 0:01:12]} h5 {[%emt 0:01:46]} 30. Kh1 {[%emt 0:01:12]} Qf3+ {[%emt 0:04:45]} 31. Kg1 {[%emt 0:00:02]} Bh6 {[%emt 0:00:44]} 32. Qe8+ {[%emt 0:01:32]} Kh7 {[%emt 0:00:39]} 0-1

[Event "56th Rubinstein Memorial A 2020"]
[Site "Polanica Zdroj"]
[Date "2020.08.15"]
[Round "1.2"]
[White "Pultinevicius, Paulius"]
[Black "Czarniecka, Aleksandra"]
[Result "1/2-1/2"]
[WhiteElo "2519"]
[BlackElo "2043"]
[Annotator "TA"]
[PlyCount "154"]
[EventDate "2020.08.15"]
[EventType "swiss"]
[EventCountry "POL"]
[SourceTitle "playchess.com"]
[Source "ChessBase"]
[SourceQuality "1"]

{[%evp 21,154,57,52,32,66,59,55,47,78,20,45,42,40,42,60,60,56,28,43,23,17,22,52,68,58,31,31,-14,0,0,10,0,0,0,0,0,6,0,42,0,3,0,0,-206,-215,-256,-249,-244,-252,-310,-302,-337,-277,-275,-277,-266,-241,-320,-307,-388,-379,-554,-488,-552,-541,-609,-599,-491,-475,-481,-451,-386,-457,-341,-308,-1446,-1309,-5002,-1828,-1647,-1624,-1487,-1211,-1679,-1508,-12839,-6406,-12841,-12841,-12841,-12836,-12837,-12837,-1368,-26,-37,0,0,0,0,0,0,0,0,0,0,0,0,0,0,0,0,0,0,0,0,0,0,0,0,0,0,0,0,0,0,0,0,0,0,0,0,0,0,0]} 1. Nf3 Nf6 2. g3 g6 3. b3 Bg7 4. Bb2 O-O 5. Bg2 d6 6. d4 Nc6 7. O-O e5 8. dxe5 Ng4 9. c4 Ngxe5 10. Nxe5 Nxe5 11. Nc3 a5 12. Qc1 {[#] E60: King's Indian: Unusual lines and Fianchetto Variation without Nc3.} Rb8 $146 ({Predecessor:} 12... Re8 13. Rd1 Nd7 14. Ne4 Nf6 15. Nxf6+ Bxf6 16. Rd2 Bxb2 17. Qxb2 Qe7 18. Bf3 Rb8 19. h4 b6 20. h5 Qe5 {½-½ (20) Votruba,P (2345)-Manninen,M (2380) Helsinki 1993}) 13. Rd1 b6 14. Nd5 {White is slightly better.} Be6 15. h3 (15. f4 $16 Nd7 16. e4) 15... Nd7 {[%cal Be5d7,Bd7c5,Bc5e4][%mdl 32]} 16. Bxg7 Kxg7 17. Qc3+ f6 18. a3 Re8 19. e4 Nc5 20. b4 Bxd5 21. exd5 Ne4 22. Qd4 Ng5 $1 23. f4 (23. h4 $5 {[%cal Rh4g5]} Nf7 24. Bh3 $14) 23... Nf7 24. g4 Qe7 25. Rd3 h6 26. Rf1 axb4 27. axb4 Ra8 {[%cal Bb8a8,Ba8a2,Ba2e2,Be2e3][%mdl 32]} 28. h4 Ra2 29. g5 Re2 30. Rg3 Re3 $1 {[%cal Re3g3]} 31. Bf3 {aiming for h5.} Re1 32. h5 $2 (32. Rxe1 $11 {and White is okay.} Qxe1+ 33. Kg2 hxg5 34. hxg5) 32... hxg5 $19 33. fxg5 {[#]} Ne5 $1 34. Be2 Rxf1+ 35. Bxf1 fxg5 36. hxg6 Qf6 {...Nf3+! is the strong threat.} ({Weaker is} 36... Kxg6 37. Qe4+ Kg7 38. Qe3 $17) 37. Qf2 Qxf2+ ({Don't do} 37... Kxg6 38. Qxf6+ Kxf6 39. Ra3 $17) ({Resist} 37... Qxg6 38. Be2 $19) 38. Kxf2 Kxg6 {[%mdl 4096] Endgame KRB-KRN} 39. Be2 Ra8 40. Rb3 Ra2 41. Ke1 (41. Ke3 {was called for.}) 41... Kf5 42. c5 Ke4 43. cxd6 cxd6 44. Rc3 Kxd5 45. Rg3 Rb2 46. Rxg5 Rxb4 47. Kd1 Rb2 48. Rh5 $2 (48. Ba6) 48... b5 49. Rh2 Kd4 (49... Kc5 $142 50. Rh3 b4) 50. Rh4+ Kc5 51. Re4 Nc4 52. Kc1 Ra2 53. Bd3 d5 (53... Ra3 $142 54. Kc2 d5) 54. Rh4 d4 55. Bg6 Rf2 56. Bd3 Rg2 57. Rf4 Ne3 $2 {[#]} (57... Rh2 $19 {White must now prevent ...Ra2.} 58. Rf3 Ne3) 58. Bxb5 $1 $11 {[%mdl 512]} Kxb5 59. Rxd4 {KRN-KR. The position is equal.} Nc4 60. Rh4 Kb4 61. Kd1 Kc3 62. Ke1 Kd3 {Threatens to win with ...Re2+.} (62... Ne5 {with more complications.}) 63. Rh8 (63. Rh6 {is more complex.}) 63... Re2+ 64. Kf1 Ne3+ 65. Kg1 Rg2+ 66. Kh1 Rg7 67. Rd8+ Ke4 68. Re8+ Kf4 (68... Kd3 {keeps more tension.}) 69. Rf8+ Nf5 (69... Kg4 {looks sharper.}) 70. Kh2 Rg5 71. Ra8 Ne3 72. Rf8+ Nf5 73. Ra8 Kf3 74. Rb8 Rg2+ 75. Kh3 Rg3+ 76. Kh2 Rg7 77. Ra8 Rh7+ {White happily takes the draw. Accuracy: White = 61%, Black = 83%.} 1/2-1/2

[Event "56th Rubinstein Memorial A 2020"]
[Site "Polanica Zdroj"]
[Date "2020.08.15"]
[Round "1.3"]
[White "Jachym, Adam"]
[Black "Cukrowski, Filip"]
[Result "0-1"]
[WhiteElo "2042"]
[BlackElo "2419"]
[Annotator "ChessBase"]
[PlyCount "58"]
[EventDate "2020.08.15"]
[EventType "swiss"]
[EventCountry "POL"]
[SourceTitle "playchess.com"]
[Source "ChessBase"]
[SourceQuality "1"]
[TimeControl "40/5400+30:1800+30"]

1. e4 {[%emt 0:00:00]} c5 {[%emt 0:00:00]} 2. Nf3 {[%emt 0:00:00]} e6 {[%emt 0:00:00]} 3. d4 {[%emt 0:01:10]} cxd4 {[%emt 0:00:00]} 4. Nxd4 {[%emt 0:00:10]} a6 {[%emt 0:00:21]} 5. Bd3 {[%emt 0:02:07]} Qc7 {[%emt 0:00:39]} 6. O-O {[%emt 0:01:49]} Nf6 {[%emt 0:01:29]} 7. Qe2 {[%emt 0:04:06]} d6 {[%emt 0:01:02]} 8. c4 {[%emt 0:03:50]} Nc6 {[%emt 0:00:39]} 9. Nxc6 {[%emt 0:00:57]} bxc6 {[%emt 0:00:58]} 10. Nc3 {[%emt 0:00:56]} Be7 {[%emt 0:01:06]} 11. f4 {[%emt 0:02:01]} e5 {[%emt 0:00:13]} 12. c5 {[%emt 0:07:13]} Qa7 {[%emt 0:10:35]} 13. Na4 {[%emt 0:01:28]} O-O {[%emt 0:00:47]} 14. Nb6 {[%emt 0:01:54]} Bg4 {[%emt 0:01:01]} 15. Qf2 {[%emt 0:01:15]} Rad8 {[%emt 0:00:22]} 16. Bc2 {[%emt 0:05:39]} Be6 {[%emt 0:06:44]} 17. f5 {[%emt 0:01:28]} dxc5 {[%emt 0:00:07]} 18. fxe6 {[%emt 0:00:22]} Qxb6 {[%emt 0:00:05]} 19. exf7+ {[%emt 0:00:39]} Kh8 {[%emt 0:00:04]} 20. a4 {[%emt 0:12:36]} Rxf7 {[%emt 0:03:05]} 21. Ra3 {[%emt 0:01:01]} Rff8 {[%emt 0:03:36]} 22. Rf3 {[%emt 0:06:07]} Nd7 {[%emt 0:00:32]} 23. Qe2 {[%emt 0:03:59]} Rxf3 {[%emt 0:11:02]} 24. Rxf3 {[%emt 0:00:20]} Nf6 {[%emt 0:00:56]} 25. Qc4 {[%emt 0:01:50]} a5 {[%emt 0:10:12]} 26. Qf7 {[%emt 0:07:15]} c4+ {[%emt 0:01:36]} 27. Kh1 {[%emt 0:00:38]} Qb4 {[%emt 0:01:01]} 28. h3 {[%emt 0:02:13]} Qe1+ {[%emt 0:01:27]} 29. Kh2 {[%emt 0:00:08]} Bc5 {[%emt 0:00:22]} 0-1

[Event "56th Rubinstein Memorial A 2020"]
[Site "Polanica Zdroj"]
[Date "2020.08.15"]
[Round "1.4"]
[White "Butkiewicz, Lukasz"]
[Black "Domanski, Lukasz"]
[Result "1-0"]
[WhiteElo "2400"]
[BlackElo "2039"]
[Annotator "ChessBase"]
[PlyCount "59"]
[EventDate "2020.08.15"]
[EventType "swiss"]
[EventCountry "POL"]
[SourceTitle "playchess.com"]
[Source "ChessBase"]
[SourceQuality "1"]
[TimeControl "40/5400+30:1800+30"]

1. d4 {[%emt 0:00:00]} d5 {[%emt 0:00:00]} 2. c4 {[%emt 0:00:00]} dxc4 {[%emt 0:00:00]} 3. Nf3 {[%emt 0:00:00]} a6 {[%emt 0:00:04]} 4. e3 {[%emt 0:00:07]} b5 {[%emt 0:00:57]} 5. a4 {[%emt 0:00:10]} Bb7 {[%emt 0:00:34]} 6. b3 {[%emt 0:00:08]} e6 {[%emt 0:06:01]} 7. bxc4 {[%emt 0:00:28]} bxc4 {[%emt 0:01:08]} 8. Bxc4 {[%emt 0:01:17]} Nd7 {[%emt 0:02:55]} 9. O-O {[%emt 0:02:42]} Ngf6 {[%emt 0:02:34]} 10. Nc3 {[%emt 0:09:19]} Be7 {[%emt 0:05:16]} 11. a5 {[%emt 0:09:33]} c5 {[%emt 0:05:55]} 12. d5 {[%emt 0:04:55]} exd5 {[%emt 0:01:06]} 13. Nxd5 {[%emt 0:00:15]} Bxd5 {[%emt 0:05:50]} 14. Bxd5 {[%emt 0:00:14]} Nxd5 {[%emt 0:00:13]} 15. Qxd5 {[%emt 0:00:05]} O-O {[%emt 0:02:10]} 16. e4 {[%emt 0:13:21]} Rb8 {[%emt 0:09:57]} 17. Bf4 {[%emt 0:06:53]} Rb5 {[%emt 0:04:20]} 18. e5 {[%emt 0:03:11]} Nb8 {[%emt 0:02:17]} 19. Qe4 {[%emt 0:08:36]} Rxa5 {[%emt 0:06:39]} 20. Rxa5 {[%emt 0:00:31]} Qxa5 {[%emt 0:00:14]} 21. e6 {[%emt 0:00:21]} Qd8 {[%emt 0:10:46]} 22. exf7+ {[%emt 0:03:12]} Rxf7 {[%emt 0:00:31]} 23. Bxb8 {[%emt 0:01:58]} Qxb8 {[%emt 0:00:18]} 24. Ne5 {[%emt 0:00:06]} Bf6 {[%emt 0:03:42]} 25. Nxf7 {[%emt 0:00:29]} Kxf7 {[%emt 0:00:07]} 26. Qd5+ {[%emt 0:01:04]} Kf8 {[%emt 0:00:30]} 27. Qxc5+ {[%emt 0:00:12]} Kg8 {[%emt 0:01:40]} 28. Qc4+ {[%emt 0:00:58]} Kh8 {[%emt 0:00:14]} 29. Qxa6 {[%emt 0:00:05]} h6 {[%emt 0:01:43]} 30. g3 {[%emt 0:00:33]} 1-0

[Event "56th Rubinstein Memorial A 2020"]
[Site "Polanica Zdroj"]
[Date "2020.08.15"]
[Round "1.5"]
[White "Rogacewicz, Mikolaj"]
[Black "Luch, Michal"]
[Result "1-0"]
[WhiteElo "2011"]
[BlackElo "2397"]
[Annotator "ChessBase"]
[PlyCount "55"]
[EventDate "2020.08.15"]
[EventType "swiss"]
[EventCountry "POL"]
[SourceTitle "playchess.com"]
[Source "ChessBase"]
[SourceQuality "1"]
[TimeControl "40/5400+30:1800+30"]

1. d4 {[%emt 0:00:00]} Nf6 {[%emt 0:00:00]} 2. c4 {[%emt 0:00:00]} e6 {[%emt 0:00:00]} 3. g3 {[%emt 0:00:00]} d5 {[%emt 0:00:45]} 4. Nf3 {[%emt 0:00:08]} dxc4 {[%emt 0:00:06]} 5. Bg2 {[%emt 0:00:38]} Bb4+ {[%emt 0:00:05]} 6. Bd2 {[%emt 0:00:43]} a5 {[%emt 0:00:03]} 7. Qc2 {[%emt 0:00:33]} Bxd2+ {[%emt 0:00:11]} 8. Qxd2 {[%emt 0:00:13]} c6 {[%emt 0:00:59]} 9. a4 {[%emt 0:00:39]} Ne4 {[%emt 0:00:38]} 10. Qf4 {[%emt 0:01:09]} Qb6 {[%emt 0:00:35]} 11. O-O {[%emt 0:07:15]} Qxb2 {[%emt 0:00:27]} 12. Ne5 {[%emt 0:09:01]} O-O {[%emt 0:08:52]} 13. Bxe4 {[%emt 0:25:43]} Qxa1 {[%emt 0:00:09]} 14. Nxc4 {[%emt 0:02:13]} e5 {[%emt 0:21:17]} 15. dxe5 {[%emt 0:03:22]} Be6 {[%emt 0:03:48]} 16. Nbd2 {[%emt 0:20:02]} Qc3 {[%emt 0:10:02]} 17. Bd3 {[%emt 0:04:49]} Nd7 {[%emt 0:24:45]} 18. Ne4 {[%emt 0:04:25]} Qb4 {[%emt 0:00:06]} 19. Ng5 {[%emt 0:07:55]} Rfe8 {[%emt 0:05:07]} 20. Rb1 {[%emt 0:02:43]} Qe7 {[%emt 0:10:37]} 21. Bxh7+ {[%emt 0:01:42]} Kf8 {[%emt 0:00:01]} 22. Nd6 {[%emt 0:01:13]} Red8 {[%emt 0:01:30]} 23. Rxb7 {[%emt 0:04:11]} Rab8 {[%emt 0:00:07]} 24. Rc7 {[%emt 0:02:16]} Rb4 {[%emt 0:06:13]} 25. Be4 {[%emt 0:00:37]} Bd5 {[%emt 0:00:30]} 26. Qh4 {[%emt 0:00:35]} Qxe5 {[%emt 0:00:39]} 27. Nh7+ {[%emt 0:00:43]} Kg8 {[%emt 0:00:09]} 28. Qxd8+ {[%emt 0:00:07]} 1-0

[Event "56th Rubinstein Memorial A 2020"]
[Site "Polanica Zdroj"]
[Date "2020.08.15"]
[Round "1.6"]
[White "Sabuk, Piotr"]
[Black "Golecki, Jan"]
[Result "0-1"]
[WhiteElo "2377"]
[BlackElo "1988"]
[Annotator "ChessBase"]
[PlyCount "68"]
[EventDate "2020.08.15"]
[EventType "swiss"]
[EventCountry "POL"]
[SourceTitle "playchess.com"]
[Source "ChessBase"]
[SourceQuality "1"]
[TimeControl "40/5400+30:1800+30"]

1. d4 {[%emt 0:00:00]} d5 {[%emt 0:00:00]} 2. c4 {[%emt 0:00:00]} e6 {[%emt 0:00:00]} 3. Nf3 {[%emt 0:00:47]} Nf6 {[%emt 0:00:00]} 4. g3 {[%emt 0:00:49]} Be7 {[%emt 0:00:00]} 5. Bg2 {[%emt 0:00:25]} O-O {[%emt 0:00:06]} 6. Nc3 {[%emt 0:00:37]} c6 {[%emt 0:00:50]} 7. O-O {[%emt 0:00:47]} b6 {[%emt 0:01:06]} 8. Ne5 {[%emt 0:02:09]} Bb7 {[%emt 0:00:18]} 9. e4 {[%emt 0:03:27]} dxc4 {[%emt 0:02:27]} 10. Nxc4 {[%emt 0:03:45]} b5 {[%emt 0:00:51]} 11. Ne3 {[%emt 0:10:44]} b4 {[%emt 0:16:24]} 12. Ne2 {[%emt 0:03:19]} c5 {[%emt 0:11:25]} 13. d5 {[%emt 0:01:06]} Qb6 {[%emt 0:05:56]} 14. b3 {[%emt 0:10:10]} Rd8 {[%emt 0:02:43]} 15. Bb2 {[%emt 0:00:54]} Na6 {[%emt 0:10:00]} 16. Nc4 {[%emt 0:07:27]} Qb5 {[%emt 0:04:46]} 17. Nf4 {[%emt 0:08:33]} exd5 {[%emt 0:01:13]} 18. Nxd5 {[%emt 0:04:15]} Nxd5 {[%emt 0:02:07]} 19. exd5 {[%emt 0:00:08]} Bf8 {[%emt 0:05:37]} 20. Qh5 {[%emt 0:01:51]} Re8 {[%emt 0:05:53]} 21. Ne5 {[%emt 0:07:08]} Re7 {[%emt 0:08:22]} 22. Be4 {[%emt 0:03:54]} g6 {[%emt 0:01:45]} 23. Qg5 {[%emt 0:02:27]} Qe2 {[%emt 0:03:47]} 24. Nc6 {[%emt 0:14:36]} Rxe4 {[%emt 0:01:29]} 25. Qf6 {[%emt 0:00:30]} Rd4 {[%emt 0:00:05]} 26. Bxd4 {[%emt 0:01:22]} cxd4 {[%emt 0:00:02]} 27. Rae1 {[%emt 0:01:01]} Qb5 {[%emt 0:05:39]} 28. Re7 {[%emt 0:01:06]} Qxd5 {[%emt 0:01:19]} 29. Rxb7 {[%emt 0:00:14]} Nc5 {[%emt 0:03:40]} 30. Ne7+ {[%emt 0:02:29]} Bxe7 {[%emt 0:00:02]} 31. Rxe7 {[%emt 0:00:05]} Ne4 {[%emt 0:01:02]} 32. Qf4 {[%emt 0:01:22]} Ng5 {[%emt 0:00:33]} 33. Qg4 {[%emt 0:03:27]} Nf3+ {[%emt 0:00:19]} 34. Kg2 {[%emt 0:00:54]} Ne5+ {[%emt 0:00:30]} 0-1

[Event "56th Rubinstein Memorial A 2020"]
[Site "Polanica Zdroj"]
[Date "2020.08.15"]
[Round "1.7"]
[White "Turski, Bartlomiej"]
[Black "Goluch, Piotr"]
[Result "1/2-1/2"]
[WhiteElo "1985"]
[BlackElo "2373"]
[Annotator "ChessBase"]
[PlyCount "67"]
[EventDate "2020.08.15"]
[EventType "swiss"]
[EventCountry "POL"]
[SourceTitle "playchess.com"]
[Source "ChessBase"]
[SourceQuality "1"]
[TimeControl "40/5400+30:1800+30"]

1. e4 {[%emt 0:00:00]} c6 {[%emt 0:00:00]} 2. d4 {[%emt 0:00:00]} d5 {[%emt 0:00:00]} 3. exd5 {[%emt 0:00:00]} cxd5 {[%emt 0:00:00]} 4. Bd3 {[%emt 0:00:00]} Nc6 {[%emt 0:00:00]} 5. c3 {[%emt 0:00:00]} Qc7 {[%emt 0:00:40]} 6. Ne2 {[%emt 0:00:11]} Bg4 {[%emt 0:00:23]} 7. O-O {[%emt 0:00:20]} e6 {[%emt 0:00:31]} 8. Qe1 {[%emt 0:00:15]} Bxe2 {[%emt 0:00:06]} 9. Qxe2 {[%emt 0:00:04]} Bd6 {[%emt 0:03:02]} 10. g3 {[%emt 0:00:08]} Nge7 {[%emt 0:02:20]} 11. Nd2 {[%emt 0:02:31]} O-O {[%emt 0:12:41]} 12. f4 {[%emt 0:00:21]} Rae8 {[%emt 0:02:29]} 13. Nf3 {[%emt 0:00:55]} h6 {[%emt 0:03:53]} 14. Bd2 {[%emt 0:01:31]} a6 {[%emt 0:00:47]} 15. Nh4 {[%emt 0:24:07]} Qb6 {[%emt 0:11:23]} 16. Qf2 {[%emt 0:10:39]} f5 {[%emt 0:02:13]} 17. Rae1 {[%emt 0:06:38]} Nd8 {[%emt 0:09:31]} 18. b3 {[%emt 0:16:31]} Bb8 {[%emt 0:00:08]} 19. Qg2 {[%emt 0:02:12]} Nf7 {[%emt 0:10:39]} 20. g4 {[%emt 0:23:10]} fxg4 {[%emt 0:00:10]} 21. Ng6 {[%emt 0:00:46]} Nxg6 {[%emt 0:12:30]} 22. Bxg6 {[%emt 0:00:02]} e5 {[%emt 0:01:02]} 23. Qxg4 {[%emt 0:03:18]} e4 {[%emt 0:02:04]} 24. Kh1 {[%emt 0:02:41]} Re7 {[%emt 0:07:55]} 25. h4 {[%emt 0:03:52]} Qc7 {[%emt 0:05:33]} 26. Re2 {[%emt 0:00:47]} Kh8 {[%emt 0:03:32]} 27. h5 {[%emt 0:01:08]} Nd6 {[%emt 0:00:30]} 28. f5 {[%emt 0:00:46]} e3 {[%emt 0:02:24]} 29. Rxe3 {[%emt 0:00:30]} Rxe3 {[%emt 0:00:09]} 30. Bxe3 {[%emt 0:00:01]} Ne4 {[%emt 0:01:23]} 31. Bf4 {[%emt 0:00:41]} Qxc3 {[%emt 0:00:07]} 32. Bxb8 {[%emt 0:00:26]} Rxb8 {[%emt 0:00:01]} 33. f6 {[%emt 0:00:49]} Nxf6 {[%emt 0:00:44]} 34. Rxf6 {[%emt 0:00:19]} 1/2-1/2

[Event "56th Rubinstein Memorial A 2020"]
[Site "Polanica Zdroj"]
[Date "2020.08.15"]
[Round "1.8"]
[White "Lukasiewicz, Krzysztof"]
[Black "Grzesik, Norbert"]
[Result "1-0"]
[WhiteElo "2343"]
[BlackElo "1980"]
[Annotator "ChessBase"]
[PlyCount "75"]
[EventDate "2020.08.15"]
[EventType "swiss"]
[EventCountry "POL"]
[SourceTitle "playchess.com"]
[Source "ChessBase"]
[SourceQuality "1"]
[TimeControl "40/5400+30:1800+30"]

1. d4 {[%emt 0:00:00]} Nf6 {[%emt 0:00:00]} 2. Bf4 {[%emt 0:00:00]} g6 {[%emt 0:00:01]} 3. Nc3 {[%emt 0:00:16]} d5 {[%emt 0:01:22]} 4. e3 {[%emt 0:00:10]} Bg7 {[%emt 0:00:25]} 5. h4 {[%emt 0:01:01]} h5 {[%emt 0:01:43]} 6. Be2 {[%emt 0:01:26]} a6 {[%emt 0:03:51]} 7. Nf3 {[%emt 0:01:03]} Nc6 {[%emt 0:02:37]} 8. Ne5 {[%emt 0:02:01]} Bf5 {[%emt 0:07:19]} 9. Nxc6 {[%emt 0:11:29]} bxc6 {[%emt 0:00:03]} 10. Be5 {[%emt 0:00:09]} Kf8 {[%emt 0:08:35]} 11. Na4 {[%emt 0:09:37]} Qc8 {[%emt 0:02:35]} 12. Rc1 {[%emt 0:13:09]} Nd7 {[%emt 0:10:07]} 13. Bg3 {[%emt 0:01:33]} e5 {[%emt 0:05:50]} 14. c4 {[%emt 0:10:01]} Qb7 {[%emt 0:04:33]} 15. O-O {[%emt 0:01:36]} Bf6 {[%emt 0:04:56]} 16. Bf3 {[%emt 0:15:59]} Rd8 {[%emt 0:02:32]} 17. b3 {[%emt 0:02:35]} Kg7 {[%emt 0:00:33]} 18. cxd5 {[%emt 0:05:01]} cxd5 {[%emt 0:00:26]} 19. Qd2 {[%emt 0:04:52]} c6 {[%emt 0:05:51]} 20. Rfd1 {[%emt 0:00:37]} Bg4 {[%emt 0:06:23]} 21. Bxg4 {[%emt 0:05:20]} hxg4 {[%emt 0:00:02]} 22. Qe2 {[%emt 0:00:07]} exd4 {[%emt 0:06:32]} 23. exd4 {[%emt 0:00:09]} Bxh4 {[%emt 0:00:56]} 24. Qxg4 {[%emt 0:00:05]} Bxg3 {[%emt 0:04:50]} 25. Qxg3 {[%emt 0:00:05]} Rde8 {[%emt 0:00:38]} 26. Qc3 {[%emt 0:06:38]} Re6 {[%emt 0:01:06]} 27. Re1 {[%emt 0:00:09]} Rxe1+ {[%emt 0:06:14]} 28. Rxe1 {[%emt 0:00:05]} Qc7 {[%emt 0:00:11]} 29. g3 {[%emt 0:02:10]} Qd6 {[%emt 0:00:40]} 30. Qf3 {[%emt 0:02:36]} Qf6 {[%emt 0:01:14]} 31. Qxf6+ {[%emt 0:01:11]} Kxf6 {[%emt 0:00:06]} 32. Rc1 {[%emt 0:00:46]} Rc8 {[%emt 0:00:03]} 33. Nb2 {[%emt 0:00:10]} c5 {[%emt 0:02:17]} 34. Nd3 {[%emt 0:00:23]} c4 {[%emt 0:01:33]} 35. Nb4 {[%emt 0:00:07]} Ke6 {[%emt 0:10:11]} 36. Nxa6 {[%emt 0:00:18]} Kd6 {[%emt 0:01:01]} 37. Nb4 {[%emt 0:04:21]} cxb3 {[%emt 0:00:42]} 38. Rxc8 1-0

[Event "56th Rubinstein Memorial A 2020"]
[Site "Polanica Zdroj"]
[Date "2020.08.15"]
[Round "1.9"]
[White "Majocha, Piotr"]
[Black "Marszalek, Maciej"]
[Result "1/2-1/2"]
[WhiteElo "1972"]
[BlackElo "2305"]
[Annotator "TA"]
[PlyCount "147"]
[EventDate "2020.08.15"]
[EventType "swiss"]
[EventCountry "POL"]
[SourceTitle "playchess.com"]
[Source "ChessBase"]
[SourceQuality "1"]

{[%evp 17,147,-6,20,-15,14,-25,-7,-11,-10,-7,-9,-24,-22,-29,-8,-18,0,-56,-45,-53,-52,-57,-40,-29,-41,-41,-44,-42,-43,-63,-62,-68,-65,-65,-67,-67,-58,-67,-75,-90,-75,-70,-46,-63,-72,-111,-98,-140,-81,-130,-27,-37,-9,-37,-15,-19,-6,-7,0,-10,-8,-13,0,0,0,-10,0,0,0,0,0,0,0,0,0,0,0,-9,0,-14,-9,-9,0,-14,-10,-10,-10,-10,-11,-13,-8,-19,-8,-8,-8,-14,0,0,0,0,0,0,0,0,0,0,0,0,0,0,0,0,0,0,0,0,0,0,0,0,0,0,0,0,0,0,0,0,0,0,0,0]} 1. Nf3 Nf6 2. c4 c6 3. Nc3 d5 4. e3 e6 5. d4 Nbd7 6. Qc2 Bd6 7. Be2 O-O 8. O-O dxc4 9. Bxc4 e5 10. Bd3 {D46: Semi-Slav: 5 e3 Nbd7 6 Bd3, Black avoids the Meran.} h6 {[#]} 11. Ne4 $146 ({Predecessor:} 11. b3 Re8 12. Bb2 Qe7 13. Ne4 Nxe4 14. Bxe4 exd4 15. Bh7+ Kh8 16. exd4 Nf6 17. Rfe1 Be6 18. Bd3 Qc7 19. Ne5 Nd5 20. Bf5 Kg8 21. Bh7+ Kh8 22. Bf5 Kg8 23. Bh7+ Kh8 {½-½ (23) Bazant,P (2228)-Dvorak,M (2153) Czech Republic 2018}) 11... Nxe4 12. Bxe4 exd4 13. Nxd4 Nf6 14. Bf3 Qc7 15. g3 Bh3 16. Rd1 Be5 17. Bd2 (17. b4 $11) 17... Bxd4 $1 $15 18. exd4 Qd7 19. Bc3 Bg4 20. Bxg4 Qxg4 21. Re1 Rfe8 22. Kg2 Nd5 23. Qd2 f6 24. h3 Qg6 25. Rxe8+ Rxe8 26. Re1 Rxe1 27. Qxe1 Kf7 28. Qd2 Qe4+ 29. Kh2 Nc7 30. Qd1 Qd5 31. a3 Ne6 32. Qa4 a6 (32... Qf3 $142 33. Qc2 f5) 33. Qb4 Qd7 (33... b5 $17 34. h4 f5) 34. h4 g5 35. hxg5 Nxg5 36. Qb3+ {The position is equal.} Kg7 {[#] ( -> ...Qh3+)} 37. Bd2 Nf7 38. Be3 h5 39. Kg1 Nd8 40. Qb4 Ne6 41. Qb6 Qf7 42. Qb3 Ng5 43. Qd1 Nh7 44. Qf3 Nf8 45. Qf4 Nd7 46. Qf5 Nb6 47. Qf4 Nd5 48. Qe4 Qe7 49. Qf3 Qe6 (49... Qe8 {with more complications.} 50. Bd2 Qg6 51. Qe2 Kf7 52. Kh2 Qf5) 50. Kg2 (50. Qxh5 {is more complex.} Nxe3 51. Qe2 Qa2 52. Qxe3 Qxb2 53. Qe7+) 50... Qg4 51. Qxg4+ hxg4 $11 {[%mdl 4096] Endgame KB-KN} 52. Kf1 Kf7 53. Ke2 Ke6 54. f3 gxf3+ 55. Kxf3 f5 56. b3 b5 57. Bd2 Nf6 58. Ke2 Kd5 59. Kd3 Ne4 60. Bf4 Nf2+ 61. Ke2 Ng4 62. Kd3 Nf6 63. Be5 Nd7 64. Bc7 Nf8 65. Bf4 Ne6 66. Be3 Nd8 67. Bf4 Nb7 68. Bc7 Ke6 69. Kc3 Kd7 70. Bf4 a5 71. a4 Ke6 72. Kd3 Kd5 73. Bc7 {[#] Threatens to win with b4!} bxa4 74. bxa4 {Accuracy: White = 89%, Black = 92%.} 1/2-1/2